000 00954nam a2200193 a 4500
008 120416s1971 ||||||||||||||||| || u
020 _a0521082366
050 _aP 105 Int
100 _aPimsleur, Paul
245 1 4 _aThe psychology of second language learning: papers from the Second International Congress of Applied Linguistics, Cambridge, 8-12 September 1969,
260 _aCabridge:
_bThe University Press
_c1971
300 _axi, 194p. : ill.
350 _a0.00
650 _aLANGUAGE AND LANGUAGES--STUDY AND TEACHING--PSYCHOLOGICAL ASPECTS--CONGRESSES
650 _aPSYCHOLINGUISTICS--CONGRESSES
700 _aQuinn, Terence
995 _aMAIN LIBRARY OPEN ACCESS
_D0.00
_e718159
_FCBU-MAIN LIBRARY (Kitwe)
_H1
_I4.00
_jP 105 Int
_M1
_UAVAILABLE
_y010433
_ZMain Library Open Access Collection
995 _aMAIN LIBRARY OPEN ACCESS
_D0.00
_e714369
_FCBU-MAIN LIBRARY (Kitwe)
_H2
_I4.00
_jP 105 Int
_M2
_UAVAILABLE
_y010434
_ZMain Library Open Access Collection
999 _c77129
_d77129